Terrorismus und Strafrecht in Spanien
| 1. VerfasserIn: | |
|---|---|
| Medienart: | Druck Buch |
| Sprache: | Deutsch Englisch |
| Veröffentlicht: |
Frankfurt am Main Berlin Bern New York Paris Wien
Lang
1993
|
| In: |
Europäische Hochschulschriften (1417)
Jahr: 1993 |
| Online-Zugang: |
Inhaltsverzeichnis |
| Verfügbarkeit prüfen: | HBZ Gateway |
| Subito Bestelldienst: | Jetzt bestellen. |
| Schlagwörter: |
MARC
| LEADER | 00000cam a2200000 c 4500 | ||
|---|---|---|---|
| 001 | 271838175 | ||
| 003 | DE-627 | ||
| 005 | 20251222212118.0 | ||
| 007 | tu | ||
| 008 | 930727s1993 xx ||||| m 00| ||ger c | ||
| 015 | |a 93,N26,0204 |2 dnb | ||
| 016 | 7 | |a 930737334 |2 DE-101 | |
| 020 | |a 3631460961 |9 3-631-46096-1 | ||
| 035 | |a (DE-627)271838175 | ||
| 035 | |a (DE-576)034436235 | ||
| 035 | |a (DE-599)GBV271838175 | ||
| 035 | |a (OCoLC)246669140 | ||
| 035 | |a (OCoLC)29913412 | ||
| 040 | |a DE-627 |b ger |c DE-627 |e rakwb | ||
| 041 | |a ger |a eng | ||
| 082 | 0 | |a 344.6052 | |
| 082 | 0 | |a 345.46/02 | |
| 084 | |a PH 6244 |2 rvk |0 (DE-625)rvk/136418:405 | ||
| 084 | |a IM 1270 |2 rvk |0 (DE-625)rvk/60926: | ||
| 100 | 1 | |a Stelzer, Michael |4 aut | |
| 245 | 1 | 0 | |a Terrorismus und Strafrecht in Spanien |c Michael Stelzer |
| 264 | 1 | |a Frankfurt am Main |a Berlin |a Bern |a New York |a Paris |a Wien |b Lang |c 1993 | |
| 300 | |a XIV, 188 S. | ||
| 336 | |a Text |b txt |2 rdacontent | ||
| 337 | |a ohne Hilfsmittel zu benutzen |b n |2 rdamedia | ||
| 338 | |a Band |b nc |2 rdacarrier | ||
| 490 | 1 | |a Europäische Hochschulschriften |a Reihe 2, Rechtswissenschaft = Droit = Law |v 1417 | |
| 502 | |a Zugl.: Freiburg (Breisgau), Univ., Diss., 1993 | ||
| 583 | 1 | |a Archivierung/Langzeitarchivierung gewährleistet |f SLG |x XA-DE-BW |z BfZ |2 pdager |5 DE-24 | |
| 583 | 1 | |a Archivierung/Langzeitarchivierung gewährleistet |c 20211213 |f DISS |x XA-DE-BW |2 pdager |5 DE-25 | |
| 655 | 7 | |a Hochschulschrift |0 (DE-588)4113937-9 |0 (DE-627)105825778 |0 (DE-576)209480580 |2 gnd-content | |
| 689 | 0 | 0 | |d g |0 (DE-588)4055964-6 |0 (DE-627)104616806 |0 (DE-576)209116080 |a Spanien |2 gnd |
| 689 | 0 | 1 | |d s |0 (DE-588)4059534-1 |0 (DE-627)106143212 |0 (DE-576)209131136 |a Terrorismus |2 gnd |
| 689 | 0 | 2 | |d s |0 (DE-588)4057795-8 |0 (DE-627)106149458 |0 (DE-576)209123737 |a Strafrecht |2 gnd |
| 689 | 0 | |5 DE-101 | |
| 689 | 1 | 0 | |d g |0 (DE-588)4055964-6 |0 (DE-627)104616806 |0 (DE-576)209116080 |a Spanien |2 gnd |
| 689 | 1 | 1 | |d s |0 (DE-588)4059534-1 |0 (DE-627)106143212 |0 (DE-576)209131136 |a Terrorismus |2 gnd |
| 689 | 1 | 2 | |d s |0 (DE-588)4116635-8 |0 (DE-627)105805289 |0 (DE-576)209503211 |a Strafverfahrensrecht |2 gnd |
| 689 | 1 | |5 DE-101 | |
| 751 | |a Freiburg im Breisgau |0 (DE-588)4018272-1 |0 (DE-627)106326686 |0 (DE-576)208923535 |4 uvp | ||
| 830 | 0 | |a Europäische Hochschulschriften |n Reihe 2 |p Rechtswissenschaft |v 1417 |9 1417 |w (DE-627)130134236 |w (DE-576)015671542 |w (DE-600)510544-4 |x 0531-7312 |7 am | |
| 856 | 4 | 2 | |u http://www.gbv.de/dms/spk/sbb/toc/271838175.pdf |m V:DE-601 |m B:DE-1 |q pdf/application |x Verlag |y Inhaltsverzeichnis |3 Inhaltsverzeichnis |7 1 |
| 889 | |w (DE-627)469326891 | ||
| 935 | |i Blocktest | ||
| 936 | r | v | |a PH 6244 |b Einzeldarstellungen zum materiellen Strafrecht |k Rechtswissenschaft |k Strafrecht, Strafverfahrensrecht, Kriminologie |k Vergleichendes und ausländisches Straf- und Strafprozessrecht einschliesslich Strafvollzug |k Ausländisches Recht - Einzelne Länder |k Südeuropa |k Spanien |k Einzeldarstellungen zum materiellen Strafrecht |0 (DE-627)1272129489 |0 (DE-625)rvk/136418:405 |0 (DE-576)202129489 |
| 936 | r | v | |a IM 1270 |b Sozial- und Kulturgeschichte |k Romanistik |k Spanische Sprache und Literatur |k Geschichte |k Sozial- und Kulturgeschichte |0 (DE-627)1270918435 |0 (DE-625)rvk/60926: |0 (DE-576)200918435 |
| 951 | |a BO | ||
| ELC | |b 1 | ||
| LOK | |0 000 xxxxxcx a22 zn 4500 | ||
| LOK | |0 001 3190880247 | ||
| LOK | |0 003 DE-627 | ||
| LOK | |0 004 271838175 | ||
| LOK | |0 005 20151116135007 | ||
| LOK | |0 008 150728||||||||||||||||ger||||||| | ||
| LOK | |0 040 |a DE-21-110 |c DE-627 |d DE-21-110 | ||
| LOK | |0 689 |a s |a Spanien | ||
| LOK | |0 689 |a s |a Terrorismusbekämpfung | ||
| LOK | |0 852 |z Kein Bestand am IfK; Nachweis für KrimDok | ||
| LOK | |0 852 |a DE-21-110 | ||
| LOK | |0 852 1 |9 00 | ||
| LOK | |0 935 |a k110 | ||
| LOK | |0 939 |a 28-07-15 |b l01 | ||
| ORI | |a SA-MARC-krimdoka001.raw | ||
